000
00449nam a2200181Ia 4500
008
090123s9999 xx 000 0 und d
082
_b
3706
100
_a
त.रा.सु.
245
_a
सर्प मत्सर
250
_a
3
260
_c
1974
300
_a
290
600
_a
त.रा.सु.
630
_a
सर्प मत्सर
700
_a
त.रा.सु.
730
_a
सर्प मत्सर
942
_c
BOOK
999
_c
41785
_d
41785